| 000 | 00557nam a2200181 i 4500 | ||
|---|---|---|---|
| 001 | 50082 | ||
| 003 | ES-MaACL | ||
| 005 | 20230906162124.0 | ||
| 007 | t| | ||
| 008 | 030730s1971 sp ||||1| eng d | ||
| 245 | 0 | 0 |
_aCritical essays on the life and work of Juan Ruiz de Alarcón / _cedited by James A. Parr. |
| 250 | _a[1st printing]. | ||
| 260 |
_aMadrid : _bDos Continentes, _c[1972] |
||
| 300 |
_a320 p. ; _c21 cm. |
||
| 600 | 0 | 4 |
_aRuiz de Alarcón y Mendoza, Juan. _9100719 |
| 700 | 1 |
_aParr, James A. _989221 |
|
| 852 |
_aES-MaACL _jC-46193 _bR.81238 |
||
| 999 |
_c50082 _d50082 |
||